Les clubs de football professionnels français. - Statistiques

Statistiques générales
  • Ce quiz a été pris 3 314 fois
    3 245 depuis la dernière actualisation
  • Le résultat moyen est 28 sur 44
Statistiques - réponses
Hint Réponse % Correct
Paris Saint-Germain
99%
Olympique de Marseille
97%
Olympique Lyonnais
95%
LOSC
92%
Girondins de Bordeaux
88%
Stade Rennais
88%
AS Saint-Etienne
86%
FC Nantes
86%
OGC Nice
86%
RC Lens
85%
Toulouse FC
85%
AS Monaco
84%
AJ Auxerre
83%
Montpellier Herault SC
80%
Stade Brestois 29
78%
FC Metz
72%
AC Ajaccio
71%
FC Lorient
70%
Gazélec Ajaccio
70%
SCO Angers
70%
Stade de Reims
70%
CA Bastia
69%
Sporting Club de Bastia
69%
Clermont Foot 63
60%
Stade Malherbe de Caen
60%
AS Nancy-Lorraine
59%
Nîmes Olympique
59%
Amiens SC
58%
Le Havre AC
58%
Dijon FCO
57%
En Avant de Guingamp
57%
FC Sochaux Montbelliard
57%
ESTAC Troyes
56%
Valenciennes FC
52%
Evian Thonon Gaillard
42%
Tours FC
38%
Stade Lavallois
35%
US Orléans
35%
Chamois Niortais FC
34%
La Berrichonne de Chateauroux
26%
US Boulogne Côte d'Opale
19%
US Créteil Lusitanos
16%
AC Arles-Avignon
15%
FC Istres
15%
Aucun quiz correspondant
Distribution des résultats
% des personnes avec chaque résultat
Percentile par nombre de réponses
Votre historique - résultats
Vous n’avez pas pris ce quiz depuis la dernière actualisation